Eesti omavalitsusüksused - Statistics

General Stats
  • This quiz has been taken 54 times
  • The average score is 40 of 79
Answer Stats
Maakond Vald % Correct
Ida-Virumaa Narva (linn)
94%
Harjumaa Tallinn (linn)
94%
Tartumaa Tartu
94%
Tartumaa Tartu (linn)
94%
Raplamaa Rapla
87%
Võrumaa Võru
87%
Võrumaa Võru (linn)
87%
Läänemaa Haapsalu (linn)
84%
Pärnumaa Pärnu (linn)
84%
Valgamaa Valga
84%
Põlvamaa Põlva
81%
Lääne-Virumaa Rakvere
81%
Lääne-Virumaa Rakvere (linn)
81%
Viljandimaa Viljandi
81%
Viljandimaa Viljandi (linn)
81%
Hiiumaa Hiiumaa
77%
Järvamaa Paide (linn)
77%
Saaremaa Saaremaa
77%
Jõgevamaa Jõgeva
74%
Ida-Virumaa Narva-Jõesuu (linn)
71%
Harjumaa Saku
68%
Harjumaa Keila (linn)
61%
Ida-Virumaa Kohtla-Järve (linn)
61%
Harjumaa Saue
61%
Lääne-Virumaa Tapa
61%
Ida-Virumaa Jõhvi
58%
Harjumaa Maardu (linn)
58%
Jõgevamaa Põltsamaa
58%
Ida-Virumaa Sillamäe (linn)
58%
Harjumaa Viimsi
58%
Saaremaa Muhu
55%
Jõgevamaa Mustvee
55%
Järvamaa Järva
52%
Valgamaa Otepää
52%
Järvamaa Türi
52%
Läänemaa Vormsi
52%
Harjumaa Rae
48%
Harjumaa Kose
45%
Harjumaa Loksa (linn)
45%
Põlvamaa Räpina
45%
Võrumaa Setomaa
45%
Tartumaa Elva
42%
Pärnumaa Kihnu
42%
Harjumaa Kiili
42%
Saaremaa Ruhnu
42%
Harjumaa Harku
39%
Raplamaa Kohila
39%
Harjumaa Lääne-Harju
39%
Valgamaa Tõrva
39%
Lääne-Virumaa Väike-Maarja
39%
Lääne-Virumaa Haljala
35%
Raplamaa Märjamaa
35%
Tartumaa Nõo
35%
Pärnumaa Häädemeeste
32%
Harjumaa Kuusalu
32%
Viljandimaa Põhja-Sakala
32%
Ida-Virumaa Toila
32%
Harjumaa Jõelähtme
29%
Lääne-Virumaa Kadrina
29%
Viljandimaa Mulgi
29%
Lääne-Virumaa Vinni
29%
Lääne-Virumaa Viru-Nigula
29%
Võrumaa Antsla
26%
Põlvamaa Kanepi
26%
Läänemaa Lääne-Nigula
26%
Pärnumaa Lääneranna
26%
Tartumaa Luunja
26%
Tartumaa Peipsiääre
26%
Harjumaa Raasiku
26%
Võrumaa Rõuge
26%
Pärnumaa Tori
26%
Ida-Virumaa Alutaguse
23%
Ida-Virumaa Lüganuse
23%
Pärnumaa Põhja-Pärnumaa
23%
Pärnumaa Saarde
23%
Tartumaa Kambja
19%
Raplamaa Kehtna
19%
Harjumaa Anija
16%
Tartumaa Kastre
16%
No matching quizzes found
Score Distribution
Percent of People with Each Score
Percentile by Number Answered
Your Score History
You have not taken this quiz